Central Library OPAC University of Rajshahi

التلخيص في علوم البلاغة ;; altalkhis fi ulum albalagha / (Record no. 78712)

MARC details
000 -LEADER
fixed length control field 01176aaa a2200217 4500
001 - CONTROL NUMBER
control field 78712
003 - CONTROL NUMBER IDENTIFIER
rucl marc code BD-RjUL
005 - DATE AND TIME OF LATEST TRANSACTION
control field 20211209083150.0
008 - FIXED-LENGTH DATA ELEMENTS--GENERAL INFORMATION
fixed length control field 211108s1904 ua ||||| |||| 00| 0 ara d
035 ## - SYSTEM CONTROL NUMBER
System control number (BD-RjUL)78938
040 ## - CATALOGING SOURCE
Original cataloging agency BD-RjUL
Language of cataloging eng
Transcribing agency BD-RjUL
041 ## - LANGUAGE CODE
Language code of text/sound track or separate title ara
082 ## - DEWEY DECIMAL CLASSIFICATION NUMBER
Edition number 23
Classification number 892.7808
Author mark and year QAT 1904
100 10 - MAIN ENTRY--PERSONAL NAME
Personal name Qazwini, Khatib Muhammad bin Abdul Rahman ;; القزويني, الخطيب محمد بن عبدالرحمن
9 (RLIN) 249661
245 14 - TITLE STATEMENT
Title التلخيص في علوم البلاغة ;; altalkhis fi ulum albalagha /
Statement of responsibility, etc. جلال الدين جلال الدين محمد بن عبد الرحمان القزويني الخطيب ; ضبط وشرحه عبد الرحمان البرقوقي البرقوقي, عبد الرحمان ;; Jalal al-Din Jalal al-Din Muhammad ibn Abd al-Rahman al-Qazwini al-Khatib; Edited and explained by Abd al-Rahman al-Barquqi al-Barqouqi, Abd al-Rahman
260 ## - PUBLICATION, DISTRIBUTION, ETC. (IMPRINT)
Place of publication, distribution, etc. Misr :
Name of publisher, distributor, etc. المكتبة التجارية الكبرى ;; ,almaktabat altijariat alkubraa,
Date of publication, distribution, etc. 1904
300 ## - PHYSICAL DESCRIPTION
Pagination 439 p. ;
Size 19 cm
650 ## - SUBJECT ADDED ENTRY--TOPICAL TERM
Topical term or geographic name as entry element Arabic literature
Form subdivision Rhetoric.
9 (RLIN) 249662
700 ## - ADDED ENTRY--PERSONAL NAME
Personal name -Barqouqi, Abd al-Rahman al-Barquqi
942 ## - ADDED ENTRY ELEMENTS (KOHA)
Source of classification or shelving scheme Dewey Decimal Classification
Koha item type Books
Holdings
Lost status Source of classification or shelving scheme Damaged status Not for loan Collection code Permanent Location Current Location Shelving location Date acquired Source of acquisition Cost, normal purchase price Full call number Date last seen Copy number Koha item type
  Dewey Decimal Classification   Not For Loan Non-fiction Central Library, University of Rajshahi Central Library, University of Rajshahi Reading Room 08/11/2021 Urdu lib, 12.00 A 892.7808 QAT 1904 08/11/2021 C-1 Books
  Dewey Decimal Classification     Non-fiction Central Library, University of Rajshahi Central Library, University of Rajshahi General Stacks 26/10/1964 Urdu lib, 12.00 A 892.7808 QAT 1904 18/12/2021 C-2 Books
  Dewey Decimal Classification     Non-fiction Central Library, University of Rajshahi Central Library, University of Rajshahi General Stacks   Urdu lib, 12.00 A 892.7808 QAT 1904 18/12/2021 C-3 Books